[Event "45th FIDE Chess Olympiad Open"]
[Site "Budapest, Hungary"]
[Date "2024.09.21"]
[Round "10"]
[White "Cabezas Solano, David Alejandro"]
[Black "Sousa, Andre Ventura"]
[Result "1-0"]
[Board "131"]
[WhiteFideId "6507522"]
[BlackFideId "1917617"]
[WhiteTitle "FM"]
[BlackTitle "IM"]
[WhiteElo "2248"]
[BlackElo "2403"]
[WhiteTeam "Costa Rica"]
[BlackTeam "Portugal"]
[WhiteClock "0:07:50"]
[BlackClock "0:02:23"]
[Variant "Standard"]

1. d4 {[%clk 1:30:56]}  Nf6 {[%clk 1:30:56]} 2. Nf3 {[%clk 1:31:22]}  e6 {[%clk 1:31:23]} 3. g3 {[%clk 1:31:46]}  b5 {[%clk 1:31:44]} 4. Bg2 {[%clk 1:32:10]}  Bb7 {[%clk 1:32:11]} 5. Qd3 {[%clk 1:31:04]}  a6 {[%clk 1:31:18]} 6. Bg5 {[%clk 1:31:22]}  c5 {[%clk 1:25:39]} 7. c3 {[%clk 1:30:28]}  cxd4 {[%clk 1:22:41]} 8. cxd4 {[%clk 1:30:52]}  Qa5+ {[%clk 1:23:00]} 9. Bd2 {[%clk 1:21:26]}  Qb6 {[%clk 1:23:16]} 10. O-O {[%clk 1:17:57]}  Be7 {[%clk 1:22:25]} 11. Nc3 {[%clk 1:18:02]}  O-O {[%clk 1:20:38]} 12. a3 {[%clk 1:13:31]}  d5 {[%clk 1:19:41]} 13. Ne5 {[%clk 1:06:10]}  Nc6 {[%clk 1:17:37]} 14. Bg5 {[%clk 1:03:18]}  Na5 {[%clk 1:03:33]} 15. e3 {[%clk 0:54:45]}  Rfd8 {[%clk 0:51:25]} 16. f4 {[%clk 0:47:32]}  Nc4 {[%clk 0:44:44]} 17. Rf2 {[%clk 0:40:32]}  Nd6 {[%clk 0:36:50]} 18. Bh3 {[%clk 0:26:36]}  Rac8 {[%clk 0:27:56]} 19. f5 {[%clk 0:20:43]}  exf5 {[%clk 0:28:21]} 20. Bxf5 {[%clk 0:21:01]}  Nxf5 {[%clk 0:28:47]} 21. Qxf5 {[%clk 0:19:32]}  Qe6 {[%clk 0:27:04]} 22. Raf1 {[%clk 0:14:36]}  Rd6 {[%clk 0:19:04]} 23. Bxf6 {[%clk 0:12:37]}  Qxf5 {[%clk 0:19:24]} 24. Rxf5 {[%clk 0:13:03]}  Rxf6 {[%clk 0:17:53]} 25. Rxf6 {[%clk 0:08:49]}  Bxf6 {[%clk 0:18:20]} 26. Nd7 {[%clk 0:09:11]}  Be7 {[%clk 0:18:27]} 27. Kf2 {[%clk 0:04:25]}  f6 {[%clk 0:16:02]} 28. Ke2 {[%clk 0:04:50]}  Kf7 {[%clk 0:14:53]} 29. Ne5+ {[%clk 0:04:33]}  Ke6 {[%clk 0:15:20]} 30. Nd3 {[%clk 0:04:58]}  a5 {[%clk 0:13:44]} 31. Rc1 {[%clk 0:02:07]}  b4 {[%clk 0:13:53]} 32. axb4 {[%clk 0:02:36]}  axb4 {[%clk 0:14:08]} 33. Na4 {[%clk 0:02:26]}  Rxc1 {[%clk 0:14:03]} 34. Nxc1 {[%clk 0:02:55]}  Ba6+ {[%clk 0:13:45]} 35. Kd2 {[%clk 0:02:15]}  Bb5 {[%clk 0:11:13]} 36. b3 {[%clk 0:01:38]}  Kf5 {[%clk 0:11:25]} 37. Nc5 {[%clk 0:00:44]}  Kg4 {[%clk 0:10:11]} 38. N1d3 {[%clk 0:00:36]}  Kh3 {[%clk 0:07:22]} 39. Nxb4 {[%clk 0:00:43]}  Kxh2 {[%clk 0:07:48]} 40. Nxd5 {[%clk 0:01:01]}  Bd6 {[%clk 0:06:08]} 41. Ne6 {[%clk 0:01:02]}  Bc6 {[%clk 0:05:13]} 42. Ndf4 {[%clk 0:19:16]}  Bxf4 {[%clk 0:19:01]} 43. Nxf4 {[%clk 0:08:29]}  Kxg3 {[%clk 0:16:31]} 44. d5 {[%clk 0:08:26]}  Bd7 {[%clk 0:14:08]} 45. Nh5+ {[%clk 0:08:45]}  Kg4 {[%clk 0:12:09]} 46. Nxg7 {[%clk 0:09:10]}  h5 {[%clk 0:12:37]} 47. Ke2 {[%clk 0:08:20]}  h4 {[%clk 0:13:02]} 48. Kf2 {[%clk 0:08:27]}  h3 {[%clk 0:10:40]} 49. Ne6 {[%clk 0:08:24]}  Bb5 {[%clk 0:03:14]} 50. Nd4 {[%clk 0:08:28]}  Bd7 {[%clk 0:01:45]} 51. b4 {[%clk 0:08:51]}  f5 {[%clk 0:02:12]} 52. b5 {[%clk 0:08:24]}  Bc8 {[%clk 0:02:01]} 53. d6 {[%clk 0:08:13]}  f4 {[%clk 0:01:51]} 54. exf4 {[%clk 0:07:35]}  Kxf4 {[%clk 0:02:13]} 55. b6 {[%clk 0:07:39]}  Bb7 {[%clk 0:02:23]} 56. Kg1 {[%clk 0:07:50]} 1-0

[Event "45th FIDE Chess Olympiad Open"]
[Site "Budapest, Hungary"]
[Date "2024.09.21"]
[Round "10"]
[White "Barria Santos, Jose Guilherme"]
[Black "Pastor Carvajal, Jeigoth"]
[Result "1-0"]
[Board "132"]
[WhiteFideId "1939300"]
[BlackFideId "6516718"]
[WhiteTitle "FM"]
[BlackTitle "CM"]
[WhiteElo "2411"]
[BlackElo "2120"]
[WhiteTeam "Portugal"]
[BlackTeam "Costa Rica"]
[WhiteClock "0:46:53"]
[BlackClock "0:01:41"]
[Variant "Standard"]

1. e4 {[%clk 1:30:58]}  e6 {[%clk 1:30:47]} 2. d4 {[%clk 1:30:58]}  d5 {[%clk 1:31:14]} 3. Nc3 {[%clk 1:31:48]}  dxe4 {[%clk 1:31:32]} 4. Nxe4 {[%clk 1:32:09]}  Nd7 {[%clk 1:31:58]} 5. Nf3 {[%clk 1:32:27]}  Ngf6 {[%clk 1:32:12]} 6. Nxf6+ {[%clk 1:32:50]}  Nxf6 {[%clk 1:32:33]} 7. c3 {[%clk 1:32:56]}  c5 {[%clk 1:31:36]} 8. Be3 {[%clk 1:33:18]}  cxd4 {[%clk 1:25:18]} 9. Bxd4 {[%clk 1:32:29]}  Be7 {[%clk 1:23:58]} 10. Bd3 {[%clk 1:32:00]}  O-O {[%clk 1:20:26]} 11. Qe2 {[%clk 1:32:19]}  Qd5 {[%clk 1:07:19]} 12. O-O {[%clk 1:32:42]}  Qh5 {[%clk 0:56:35]} 13. a4 {[%clk 1:31:35]}  b6 {[%clk 0:47:07]} 14. a5 {[%clk 1:30:37]}  Bb7 {[%clk 0:39:42]} 15. Ne5 {[%clk 1:30:49]}  Qxe2 {[%clk 0:37:55]} 16. Bxe2 {[%clk 1:31:11]}  Bc5 {[%clk 0:36:36]} 17. Bxc5 {[%clk 1:26:36]}  bxc5 {[%clk 0:37:01]} 18. a6 {[%clk 1:26:59]}  Bd5 {[%clk 0:26:12]} 19. c4 {[%clk 1:24:00]}  Be4 {[%clk 0:26:38]} 20. f3 {[%clk 1:24:23]}  Bg6 {[%clk 0:26:46]} 21. Ra5 {[%clk 1:05:10]}  Rfc8 {[%clk 0:20:26]} 22. Rb5 {[%clk 1:04:26]}  Rc7 {[%clk 0:19:02]} 23. Rd1 {[%clk 1:01:50]}  Kf8 {[%clk 0:17:32]} 24. g4 {[%clk 1:02:13]}  Bc2 {[%clk 0:14:53]} 25. Rd2 {[%clk 0:52:54]}  Ba4 {[%clk 0:14:48]} 26. Rb7 {[%clk 0:53:19]}  Rac8 {[%clk 0:05:40]} 27. Rd8+ {[%clk 0:50:13]}  Rxd8 {[%clk 0:05:01]} 28. Rxc7 {[%clk 0:50:36]}  Nd7 {[%clk 0:03:52]} 29. Nxd7+ {[%clk 0:47:28]}  Rxd7 {[%clk 0:03:56]} 30. Rxc5 {[%clk 0:47:48]}  Rd2 {[%clk 0:03:26]} 31. Kf1 {[%clk 0:48:12]}  Rxb2 {[%clk 0:02:07]} 32. Rc7 {[%clk 0:48:32]}  Rb6 {[%clk 0:01:41]} 33. Rxa7 {[%clk 0:48:35]}  Bc6 {[%clk 0:01:59]} 34. Kf2 {[%clk 0:48:16]}  g5 {[%clk 0:01:41]} 35. Rc7 {[%clk 0:46:53]} 1-0

[Event "45th FIDE Chess Olympiad Open"]
[Site "Budapest, Hungary"]
[Date "2024.09.21"]
[Round "10"]
[White "Kantor, Gergely"]
[Black "Middelburg, Tom"]
[Result "1-0"]
[Board "133"]
[WhiteFideId "751499"]
[BlackFideId "1004930"]
[WhiteTitle "GM"]
[BlackTitle "IM"]
[WhiteElo "2537"]
[BlackElo "2355"]
[WhiteTeam "Hungary C"]
[BlackTeam "New Zealand"]
[WhiteClock "0:05:52"]
[BlackClock "0:16:01"]
[Variant "Standard"]

1. e4 {[%clk 1:30:55]}  c6 {[%clk 1:30:51]} 2. d4 {[%clk 1:31:23]}  d5 {[%clk 1:31:15]} 3. e5 {[%clk 1:31:48]}  Bf5 {[%clk 1:31:24]} 4. h4 {[%clk 1:32:15]}  a6 {[%clk 1:31:40]} 5. h5 {[%clk 1:31:18]}  c5 {[%clk 1:31:48]} 6. dxc5 {[%clk 1:31:03]}  Nc6 {[%clk 1:32:02]} 7. Bd3 {[%clk 1:30:54]}  Qd7 {[%clk 1:32:26]} 8. Ne2 {[%clk 1:15:20]}  f6 {[%clk 1:26:52]} 9. exf6 {[%clk 0:58:42]}  Nxf6 {[%clk 1:25:14]} 10. Nbc3 {[%clk 0:58:36]}  e5 {[%clk 1:16:53]} 11. Bxf5 {[%clk 0:45:36]}  Qxf5 {[%clk 1:17:20]} 12. Nxd5 {[%clk 0:38:51]}  O-O-O {[%clk 1:05:59]} 13. Ng3 {[%clk 0:33:55]}  Qe6 {[%clk 1:06:26]} 14. c4 {[%clk 0:31:45]}  Bxc5 {[%clk 1:06:01]} 15. O-O {[%clk 0:28:06]}  Ng4 {[%clk 0:56:53]} 16. Ne4 {[%clk 0:26:02]}  Ba7 {[%clk 0:50:56]} 17. Bg5 {[%clk 0:22:11]}  Rd7 {[%clk 0:46:19]} 18. Qf3 {[%clk 0:20:50]}  Kb8 {[%clk 0:33:46]} 19. Be3 {[%clk 0:18:23]}  Nxe3 {[%clk 0:32:51]} 20. fxe3 {[%clk 0:18:39]}  Qh6 {[%clk 0:31:40]} 21. Qh3 {[%clk 0:14:43]}  Rhd8 {[%clk 0:29:42]} 22. Rae1 {[%clk 0:10:58]}  Ne7 {[%clk 0:29:46]} 23. Rf7 {[%clk 0:10:13]}  Qc6 {[%clk 0:23:43]} 24. Nec3 {[%clk 0:07:36]}  Nxd5 {[%clk 0:18:56]} 25. cxd5 {[%clk 0:07:48]}  Qd6 {[%clk 0:18:58]} 26. Rxd7 {[%clk 0:07:05]}  Rxd7 {[%clk 0:19:27]} 27. Rf1 {[%clk 0:06:42]}  Rc7 {[%clk 0:18:14]} 28. Ne4 {[%clk 0:06:30]}  Qb4 {[%clk 0:16:01]} 29. a3 {[%clk 0:05:52]} 1-0

[Event "45th FIDE Chess Olympiad Open"]
[Site "Budapest, Hungary"]
[Date "2024.09.21"]
[Round "10"]
[White "Renjith, Sravan"]
[Black "Krstulovic, Alex"]
[Result "1/2-1/2"]
[Board "134"]
[WhiteFideId "4306783"]
[BlackFideId "760056"]
[WhiteTitle "IM"]
[BlackTitle "IM"]
[WhiteElo "2325"]
[BlackElo "2452"]
[WhiteTeam "New Zealand"]
[BlackTeam "Hungary C"]
[WhiteClock "0:02:47"]
[BlackClock "0:11:55"]
[Variant "Standard"]

1. e4 {[%clk 1:30:58]}  c6 {[%clk 1:30:46]} 2. d4 {[%clk 1:31:11]}  d5 {[%clk 1:31:11]} 3. exd5 {[%clk 1:31:33]}  cxd5 {[%clk 1:31:36]} 4. c4 {[%clk 1:31:54]}  Nf6 {[%clk 1:32:02]} 5. Nc3 {[%clk 1:32:14]}  Nc6 {[%clk 1:32:25]} 6. Nf3 {[%clk 1:32:38]}  a6 {[%clk 1:32:11]} 7. c5 {[%clk 1:30:27]}  g6 {[%clk 1:32:14]} 8. Be2 {[%clk 1:30:48]}  Bg7 {[%clk 1:32:21]} 9. O-O {[%clk 1:30:05]}  O-O {[%clk 1:32:28]} 10. h3 {[%clk 1:25:39]}  Ne4 {[%clk 1:29:31]} 11. Na4 {[%clk 1:24:35]}  Bf5 {[%clk 1:20:36]} 12. Nb6 {[%clk 1:14:04]}  Ra7 {[%clk 1:20:59]} 13. Be3 {[%clk 1:12:04]}  h6 {[%clk 1:19:53]} 14. Qb3 {[%clk 1:03:27]}  Be6 {[%clk 1:20:12]} 15. Rad1 {[%clk 1:02:37]}  Qc7 {[%clk 1:08:34]} 16. Qc2 {[%clk 0:57:07]}  f5 {[%clk 1:05:50]} 17. a3 {[%clk 0:56:07]}  Bf7 {[%clk 0:59:06]} 18. b4 {[%clk 0:35:03]}  g5 {[%clk 0:58:12]} 19. Bd3 {[%clk 0:26:43]}  e6 {[%clk 0:56:13]} 20. Bxe4 {[%clk 0:17:21]}  fxe4 {[%clk 0:43:45]} 21. Nh2 {[%clk 0:17:14]}  e5 {[%clk 0:43:12]} 22. dxe5 {[%clk 0:16:55]}  d4 {[%clk 0:43:36]} 23. Rxd4 {[%clk 0:15:59]}  Bxe5 {[%clk 0:42:35]} 24. Rd6 {[%clk 0:15:59]}  Bxd6 {[%clk 0:39:31]} 25. cxd6 {[%clk 0:16:01]}  Qxd6 {[%clk 0:39:55]} 26. Bc5 {[%clk 0:15:56]}  Qd3 {[%clk 0:36:46]} 27. Qb2 {[%clk 0:14:41]}  Qb3 {[%clk 0:33:02]} 28. Qa1 {[%clk 0:13:15]}  Rd8 {[%clk 0:25:22]} 29. Ng4 {[%clk 0:11:52]}  Kh7 {[%clk 0:25:48]} 30. Nf6+ {[%clk 0:10:54]}  Kg6 {[%clk 0:26:13]} 31. Nxe4 {[%clk 0:10:37]}  Qe6 {[%clk 0:26:30]} 32. Re1 {[%clk 0:10:34]}  Qe5 {[%clk 0:18:03]} 33. Qb1 {[%clk 0:07:59]}  Kg7 {[%clk 0:18:32]} 34. Ng3 {[%clk 0:08:19]}  Bg6 {[%clk 0:17:17]} 35. Qc1 {[%clk 0:07:45]}  Qf4 {[%clk 0:16:54]} 36. Be3 {[%clk 0:08:02]}  Qf6 {[%clk 0:16:18]} 37. Bc5 {[%clk 0:06:18]}  Qf4 {[%clk 0:14:46]} 38. Be3 {[%clk 0:05:59]}  Qf6 {[%clk 0:15:15]} 39. Qc4 {[%clk 0:05:51]}  Qf7 {[%clk 0:13:50]} 40. Qc5 {[%clk 0:05:55]}  Qf8 {[%clk 0:11:12]} 41. Qc4 {[%clk 0:04:03]}  Qf7 {[%clk 0:10:14]} 42. Qg4 {[%clk 0:03:28]}  Kh7 {[%clk 0:05:04]} 43. Qe2 {[%clk 0:20:18]}  Qf6 {[%clk 0:28:16]} 44. Bc5 {[%clk 0:14:03]}  Re8 {[%clk 0:26:05]} 45. Qd1 {[%clk 0:14:21]}  Rd8 {[%clk 0:24:50]} 46. Qc1 {[%clk 0:13:39]}  Rd3 {[%clk 0:19:51]} 47. Re3 {[%clk 0:11:41]}  Qd8 {[%clk 0:17:28]} 48. Rxd3 {[%clk 0:10:21]}  Qxd3 {[%clk 0:17:56]} 49. a4 {[%clk 0:09:17]}  a5 {[%clk 0:14:48]} 50. b5 {[%clk 0:09:38]}  Ne5 {[%clk 0:15:14]} 51. Qb2 {[%clk 0:08:37]}  Qb1+ {[%clk 0:11:18]} 52. Qxb1 {[%clk 0:08:49]}  Bxb1 {[%clk 0:11:46]} 53. Bd6 {[%clk 0:08:12]}  Nc6 {[%clk 0:11:29]} 54. f4 {[%clk 0:07:07]}  gxf4 {[%clk 0:11:45]} 55. Bxf4 {[%clk 0:07:32]}  Bd3 {[%clk 0:11:19]} 56. Kf2 {[%clk 0:07:25]}  Bxb5 {[%clk 0:11:36]} 57. axb5 {[%clk 0:07:54]}  a4 {[%clk 0:11:59]} 58. bxc6 {[%clk 0:07:33]}  bxc6 {[%clk 0:12:03]} 59. Be5 {[%clk 0:05:25]}  a3 {[%clk 0:12:28]} 60. Ba1 {[%clk 0:04:58]}  Rb7 {[%clk 0:12:33]} 61. Nc4 {[%clk 0:04:38]}  Rb1 {[%clk 0:13:00]} 62. Be5 {[%clk 0:04:06]}  a2 {[%clk 0:13:25]} 63. Ne4 {[%clk 0:03:23]}  Kg6 {[%clk 0:11:55]} 64. Ne3 {[%clk 0:02:47]} 1/2-1/2

[Event "45th FIDE Chess Olympiad Open"]
[Site "Budapest, Hungary"]
[Date "2024.09.21"]
[Round "10"]
[White "Juhasz, Agoston"]
[Black "Croad, Nicolas"]
[Result "1-0"]
[Board "135"]
[WhiteFideId "778346"]
[BlackFideId "4300793"]
[WhiteTitle "IM"]
[BlackTitle "FM"]
[WhiteElo "2427"]
[BlackElo "2195"]
[WhiteTeam "Hungary C"]
[BlackTeam "New Zealand"]
[WhiteClock "0:20:02"]
[BlackClock "0:14:11"]
[Variant "Standard"]

1. e4 {[%clk 1:30:56]}  e5 {[%clk 1:30:51]} 2. Nf3 {[%clk 1:31:18]}  Nc6 {[%clk 1:31:16]} 3. Bc4 {[%clk 1:31:27]}  Nf6 {[%clk 1:31:37]} 4. d3 {[%clk 1:31:46]}  Be7 {[%clk 1:31:58]} 5. O-O {[%clk 1:31:04]}  O-O {[%clk 1:32:15]} 6. Re1 {[%clk 1:30:25]}  d6 {[%clk 1:32:02]} 7. a4 {[%clk 1:30:23]}  Na5 {[%clk 1:31:32]} 8. Ba2 {[%clk 1:30:36]}  c5 {[%clk 1:31:53]} 9. c3 {[%clk 1:27:34]}  Nc6 {[%clk 1:22:59]} 10. Na3 {[%clk 1:26:43]}  a6 {[%clk 1:12:26]} 11. Bd2 {[%clk 1:16:10]}  Rb8 {[%clk 0:58:55]} 12. b4 {[%clk 1:14:03]}  cxb4 {[%clk 0:55:02]} 13. cxb4 {[%clk 1:14:26]}  Bg4 {[%clk 0:55:20]} 14. Nc2 {[%clk 0:57:44]}  d5 {[%clk 0:48:10]} 15. b5 {[%clk 0:49:57]}  dxe4 {[%clk 0:47:23]} 16. dxe4 {[%clk 0:50:09]}  Bxf3 {[%clk 0:47:16]} 17. gxf3 {[%clk 0:50:12]}  Nd4 {[%clk 0:46:43]} 18. Nxd4 {[%clk 0:46:14]}  Qxd4 {[%clk 0:46:56]} 19. Be3 {[%clk 0:44:40]}  Qxd1 {[%clk 0:44:22]} 20. Rexd1 {[%clk 0:44:52]}  axb5 {[%clk 0:40:45]} 21. axb5 {[%clk 0:42:00]}  Rfd8 {[%clk 0:36:50]} 22. Rdc1 {[%clk 0:34:03]}  b6 {[%clk 0:32:07]} 23. Rc6 {[%clk 0:28:24]}  Nd7 {[%clk 0:31:32]} 24. Bd5 {[%clk 0:26:52]}  Bc5 {[%clk 0:17:11]} 25. Bg5 {[%clk 0:21:53]}  Ra8 {[%clk 0:13:46]} 26. Rxa8 {[%clk 0:21:15]}  Rxa8 {[%clk 0:14:11]} 27. Rxc5 {[%clk 0:20:02]} 1-0

[Event "45th FIDE Chess Olympiad Open"]
[Site "Budapest, Hungary"]
[Date "2024.09.21"]
[Round "10"]
[White "Gong, Daniel Hanwen"]
[Black "Vanczak, Tamas"]
[Result "0-1"]
[Board "136"]
[WhiteFideId "4303962"]
[BlackFideId "759929"]
[WhiteTitle "FM"]
[BlackTitle "IM"]
[WhiteElo "2240"]
[BlackElo "2401"]
[WhiteTeam "New Zealand"]
[BlackTeam "Hungary C"]
[WhiteClock "0:16:59"]
[BlackClock "0:04:51"]
[Variant "Standard"]

1. d4 {[%clk 1:30:50]}  Nf6 {[%clk 1:30:51]} 2. Bf4 {[%clk 1:31:16]}  e6 {[%clk 1:31:05]} 3. e3 {[%clk 1:31:40]}  c5 {[%clk 1:30:54]} 4. Nf3 {[%clk 1:31:38]}  cxd4 {[%clk 1:31:10]} 5. exd4 {[%clk 1:32:03]}  Be7 {[%clk 1:30:44]} 6. h3 {[%clk 1:31:36]}  O-O {[%clk 1:31:02]} 7. Bd3 {[%clk 1:32:03]}  d6 {[%clk 1:31:15]} 8. O-O {[%clk 1:32:28]}  b6 {[%clk 1:31:19]} 9. Nbd2 {[%clk 1:32:53]}  Bb7 {[%clk 1:31:23]} 10. Bh2 {[%clk 1:31:32]}  Nbd7 {[%clk 1:27:26]} 11. Qe2 {[%clk 1:30:36]}  Re8 {[%clk 1:25:48]} 12. a4 {[%clk 1:23:37]}  a6 {[%clk 1:18:17]} 13. Nc4 {[%clk 1:23:20]}  Qc7 {[%clk 1:17:22]} 14. Rfe1 {[%clk 1:22:27]}  Bf8 {[%clk 1:09:28]} 15. c3 {[%clk 1:16:56]}  Qc6 {[%clk 1:03:58]} 16. Ne3 {[%clk 1:13:57]}  e5 {[%clk 0:51:51]} 17. dxe5 {[%clk 1:14:04]}  dxe5 {[%clk 0:51:24]} 18. Bc4 {[%clk 1:14:23]}  h6 {[%clk 0:48:53]} 19. Red1 {[%clk 1:08:01]}  Bc5 {[%clk 0:39:18]} 20. Nd5 {[%clk 1:02:41]}  Nxd5 {[%clk 0:32:01]} 21. Bxd5 {[%clk 1:02:05]}  Qc8 {[%clk 0:32:01]} 22. Bc4 {[%clk 0:55:07]}  e4 {[%clk 0:26:46]} 23. Nd4 {[%clk 0:54:27]}  Ne5 {[%clk 0:26:12]} 24. Bxe5 {[%clk 0:52:48]}  Rxe5 {[%clk 0:26:37]} 25. f4 {[%clk 0:51:14]}  Re8 {[%clk 0:22:53]} 26. Kh1 {[%clk 0:36:55]}  Bf8 {[%clk 0:16:07]} 27. Bb3 {[%clk 0:36:22]}  Qc5 {[%clk 0:14:19]} 28. f5 {[%clk 0:32:44]}  Qe5 {[%clk 0:12:24]} 29. Qh5 {[%clk 0:31:34]}  Bd6 {[%clk 0:11:44]} 30. Bxf7+ {[%clk 0:19:58]}  Kh8 {[%clk 0:11:31]} 31. Kg1 {[%clk 0:19:31]}  Qh2+ {[%clk 0:11:47]} 32. Kf1 {[%clk 0:20:00]}  e3 {[%clk 0:08:10]} 33. Qg6 {[%clk 0:18:27]}  Bg3 {[%clk 0:07:50]} 34. Ke2 {[%clk 0:18:54]}  Qxg2+ {[%clk 0:08:02]} 35. Kd3 {[%clk 0:19:21]}  Re5 {[%clk 0:04:03]} 36. Kc4 {[%clk 0:16:49]}  Qxb2 {[%clk 0:03:57]} 37. Nc6 {[%clk 0:16:21]}  Rc5+ {[%clk 0:04:14]} 38. Kd3 {[%clk 0:16:33]}  Rxc3+ {[%clk 0:04:31]} 39. Ke4 {[%clk 0:16:59]}  Bxc6+ {[%clk 0:04:51]} 0-1

[Event "45th FIDE Chess Olympiad Open"]
[Site "Budapest, Hungary"]
[Date "2024.09.21"]
[Round "10"]
[White "Barrish, Daniel"]
[Black "Keinanen, Toivo"]
[Result "0-1"]
[Board "137"]
[WhiteFideId "14304600"]
[BlackFideId "509825"]
[WhiteTitle "FM"]
[BlackTitle "IM"]
[WhiteElo "2281"]
[BlackElo "2554"]
[WhiteTeam "South Africa"]
[BlackTeam "Finland"]
[WhiteClock "0:23:59"]
[BlackClock "0:04:32"]
[Variant "Standard"]

1. d4 {[%clk 1:30:54]}  e6 {[%clk 1:30:55]} 2. c4 {[%clk 1:31:16]}  b6 {[%clk 1:31:20]} 3. e4 {[%clk 1:31:36]}  Bb4+ {[%clk 1:31:44]} 4. Bd2 {[%clk 1:31:54]}  Bxd2+ {[%clk 1:31:54]} 5. Qxd2 {[%clk 1:32:14]}  d5 {[%clk 1:31:54]} 6. Bd3 {[%clk 1:30:16]}  Nc6 {[%clk 1:32:17]} 7. cxd5 {[%clk 1:26:49]}  exd5 {[%clk 1:29:43]} 8. Bb5 {[%clk 1:24:55]}  Bd7 {[%clk 1:17:55]} 9. exd5 {[%clk 1:23:10]}  Nce7 {[%clk 1:17:02]} 10. Bc4 {[%clk 1:22:07]}  Nf6 {[%clk 1:05:38]} 11. Nc3 {[%clk 1:21:46]}  O-O {[%clk 1:03:04]} 12. d6 {[%clk 1:12:37]}  Nf5 {[%clk 0:52:06]} 13. dxc7 {[%clk 1:00:41]}  Qxc7 {[%clk 0:52:13]} 14. Bd3 {[%clk 0:40:33]}  Nh4 {[%clk 0:35:24]} 15. Qg5 {[%clk 0:38:18]}  Qf4 {[%clk 0:32:44]} 16. Qxf4 {[%clk 0:34:11]}  Nxg2+ {[%clk 0:33:12]} 17. Kd2 {[%clk 0:33:14]}  Nxf4 {[%clk 0:33:40]} 18. Nge2 {[%clk 0:30:51]}  Nxd3 {[%clk 0:23:26]} 19. Kxd3 {[%clk 0:31:18]}  Rad8 {[%clk 0:22:40]} 20. f3 {[%clk 0:29:35]}  Rfe8 {[%clk 0:21:59]} 21. Rhe1 {[%clk 0:22:26]}  Nd5 {[%clk 0:18:15]} 22. Kd2 {[%clk 0:15:46]}  Bc6 {[%clk 0:13:19]} 23. Ng1 {[%clk 0:11:31]}  Ne7 {[%clk 0:10:59]} 24. Kd3 {[%clk 0:10:46]}  Rd7 {[%clk 0:10:16]} 25. Rad1 {[%clk 0:09:43]}  Red8 {[%clk 0:08:59]} 26. Kc2 {[%clk 0:09:34]}  Kf8 {[%clk 0:08:52]} 27. Nce2 {[%clk 0:08:25]}  Nf5 {[%clk 0:07:54]} 28. Kc3 {[%clk 0:06:28]}  Rc7 {[%clk 0:05:28]} 29. Kb4 {[%clk 0:06:24]}  Rcd7 {[%clk 0:04:44]} 30. Kc3 {[%clk 0:06:28]}  Bb5 {[%clk 0:04:55]} 31. b3 {[%clk 0:06:07]}  Re7 {[%clk 0:04:43]} 32. Rd2 {[%clk 0:01:43]}  Re3+ {[%clk 0:03:45]} 33. Kb4 {[%clk 0:02:07]}  Nd6 {[%clk 0:03:05]} 34. Rc1 {[%clk 0:00:38]}  a5+ {[%clk 0:03:20]} 35. Ka3 {[%clk 0:01:04]}  Nc4+ {[%clk 0:03:44]} 36. Rxc4 {[%clk 0:01:27]}  Bxc4 {[%clk 0:04:13]} 37. Ng3 {[%clk 0:00:59]}  Bd5 {[%clk 0:03:11]} 38. f4 {[%clk 0:00:50]}  b5 {[%clk 0:02:55]} 39. Kb2 {[%clk 0:00:43]}  a4 {[%clk 0:01:19]} 40. Nf5 {[%clk 0:00:36]}  Re1 {[%clk 0:01:39]} 41. Ne2 {[%clk 0:00:52]}  axb3 {[%clk 0:00:50]} 42. axb3 {[%clk 0:01:15]}  Be4 {[%clk 0:26:33]} 43. Nfg3 {[%clk 0:30:41]}  Rb1+ {[%clk 0:21:49]} 44. Ka3 {[%clk 0:31:03]}  Bd5 {[%clk 0:20:04]} 45. Rd3 {[%clk 0:31:26]}  Bc4 {[%clk 0:12:36]} 46. Rc3 {[%clk 0:29:37]}  Ra8+ {[%clk 0:09:23]} 47. Kb4 {[%clk 0:29:58]}  Ra4+ {[%clk 0:07:49]} 48. Kc5 {[%clk 0:30:21]}  Rxb3 {[%clk 0:07:26]} 49. d5 {[%clk 0:28:30]}  Ra8 {[%clk 0:06:17]} 50. d6 {[%clk 0:27:59]}  Ke8 {[%clk 0:06:07]} 51. Rxb3 {[%clk 0:26:47]}  Bxb3 {[%clk 0:06:36]} 52. Nd4 {[%clk 0:26:17]}  Rc8+ {[%clk 0:06:09]} 53. Kb6 {[%clk 0:25:15]}  Bd5 {[%clk 0:04:56]} 54. Nxb5 {[%clk 0:24:09]}  Kd7 {[%clk 0:04:40]} 55. Nh5 {[%clk 0:23:52]}  Rc6+ {[%clk 0:04:25]} 56. Ka5 {[%clk 0:24:16]}  Bc4 {[%clk 0:04:20]} 57. Nxg7 {[%clk 0:23:24]}  Bxb5 {[%clk 0:04:27]} 58. Kxb5 {[%clk 0:23:49]}  Rxd6 {[%clk 0:04:54]} 59. Kc5 {[%clk 0:23:59]}  Rf6 {[%clk 0:04:32]} 0-1

[Event "45th FIDE Chess Olympiad Open"]
[Site "Budapest, Hungary"]
[Date "2024.09.21"]
[Round "10"]
[White "Sipila, Vilka"]
[Black "Karsten, Jan"]
[Result "0-1"]
[Board "138"]
[WhiteFideId "505455"]
[BlackFideId "14350653"]
[WhiteTitle "IM"]
[BlackTitle "IM"]
[WhiteElo "2462"]
[BlackElo "2311"]
[WhiteTeam "Finland"]
[BlackTeam "South Africa"]
[WhiteClock "0:32:50"]
[BlackClock "0:30:06"]
[Variant "Standard"]

1. e4 {[%clk 1:30:59]}  c6 {[%clk 1:30:39]} 2. d4 {[%clk 1:31:21]}  d5 {[%clk 1:30:50]} 3. e5 {[%clk 1:31:46]}  Bf5 {[%clk 1:31:13]} 4. Nf3 {[%clk 1:32:12]}  e6 {[%clk 1:31:33]} 5. Be2 {[%clk 1:32:39]}  a6 {[%clk 1:31:37]} 6. O-O {[%clk 1:31:11]}  Bg6 {[%clk 1:32:00]} 7. Nbd2 {[%clk 1:29:44]}  c5 {[%clk 1:32:13]} 8. c4 {[%clk 1:28:17]}  Nc6 {[%clk 1:32:36]} 9. cxd5 {[%clk 1:26:06]}  exd5 {[%clk 1:32:59]} 10. dxc5 {[%clk 1:26:19]}  Bxc5 {[%clk 1:33:15]} 11. Nb3 {[%clk 1:26:40]}  Bb6 {[%clk 1:32:55]} 12. Bg5 {[%clk 1:10:38]}  Nge7 {[%clk 1:33:05]} 13. Nfd4 {[%clk 1:10:54]}  h6 {[%clk 1:17:17]} 14. Nxc6 {[%clk 0:59:48]}  bxc6 {[%clk 1:16:51]} 15. Bh4 {[%clk 1:00:10]}  Qc7 {[%clk 1:08:08]} 16. Bxe7 {[%clk 0:57:57]}  Qxe7 {[%clk 1:06:07]} 17. Rc1 {[%clk 0:58:20]}  Qc7 {[%clk 1:01:09]} 18. Nd4 {[%clk 0:48:51]}  Qxe5 {[%clk 0:52:10]} 19. Nxc6 {[%clk 0:47:22]}  Qd6 {[%clk 0:38:30]} 20. Bf3 {[%clk 0:43:28]}  O-O {[%clk 0:35:48]} 21. Bxd5 {[%clk 0:41:31]}  Qf6 {[%clk 0:29:56]} 22. b4 {[%clk 0:35:22]}  Rae8 {[%clk 0:26:50]} 23. a4 {[%clk 0:35:27]}  Qb2 {[%clk 0:17:23]} 24. Bc4 {[%clk 0:33:45]}  Be4 {[%clk 0:15:45]} 25. Bb3 {[%clk 0:27:05]}  Qf6 {[%clk 0:08:00]} 26. Qd7 {[%clk 0:24:37]}  Qg6 {[%clk 0:05:55]} 27. g3 {[%clk 0:25:01]}  Qf6 {[%clk 0:05:06]} 28. Bd5 {[%clk 0:18:09]}  Bxd5 {[%clk 0:04:57]} 29. Qxd5 {[%clk 0:18:34]}  Re2 {[%clk 0:05:14]} 30. Kh1 {[%clk 0:16:04]}  Rfe8 {[%clk 0:02:51]} 31. a5 {[%clk 0:13:59]}  Bxf2 {[%clk 0:03:00]} 32. b5 {[%clk 0:10:03]}  R2e4 {[%clk 0:01:36]} 33. Kg2 {[%clk 0:08:32]}  Re2 {[%clk 0:02:00]} 34. Kh3 {[%clk 0:05:01]}  g5 {[%clk 0:01:12]} 35. Kg2 {[%clk 0:03:39]}  Bxg3+ {[%clk 0:00:39]} 36. Kg1 {[%clk 0:02:14]}  Bxh2+ {[%clk 0:00:55]} 37. Kh1 {[%clk 0:02:43]}  Bf4 {[%clk 0:00:43]} 38. Nd4 {[%clk 0:01:51]}  Qg6 {[%clk 0:00:38]} 39. Qf3 {[%clk 0:02:00]}  R2e3 {[%clk 0:00:49]} 40. Qg4 {[%clk 0:01:30]}  Qe4+ {[%clk 0:00:47]} 41. Nf3 {[%clk 0:01:49]}  Rxf3 {[%clk 0:29:11]} 42. Qxf3 {[%clk 0:32:14]}  Qxf3+ {[%clk 0:29:31]} 43. Rxf3 {[%clk 0:32:40]}  Bxc1 {[%clk 0:29:56]} 44. bxa6 {[%clk 0:32:50]}  Ra8 {[%clk 0:30:06]} 0-1